Visualizzazione normale
Vista MARC
- Brigand Alain
di Personal Name
Records bibliografici associati: 1
001 - CONTROL NUMBER
- control field: 53277
003 - CONTROL NUMBER IDENTIFIER
- control field: IT-RoPau
005 - DATE AND TIME OF LATEST TRANSACTION
- control field: 20151203102808.0
008 - FIXED-LENGTH DATA ELEMENTS
- fixed length control field: 151203|| aca||aabn | a|a d
040 ## - CATALOGING SOURCE
- Original cataloging agency: IT-RoPau
- Transcribing agency: IT-RoPau
100 ## - HEADING--PERSONAL NAME
- Personal name: Brigand Alain
- Relator term: (soggetto)
- Miscellaneous information: Codice Soggetto SPICS: 58039
670 ## - SOURCE DATA FOUND
- Source citation: Work cat.: (IT-RoPau)107710: Chahine Youssef Codice regista SPICS: 43288 53274, 11 SETTEMBRE 2001 - YOUSSEF CHAHINE, EGITTO 11 SETTEMBRE 2001 (Rif. Codice opera principale : H5230)